| 000 | 00388nam a2200157Ia 4500 | ||
|---|---|---|---|
| 008 | 230917s9999||||xx |||||||||||||| ||und|| | ||
| 040 |
_e151858 _aMAIN |
||
| 041 | _aEnglish | ||
| 082 | _a346.022 K141C(12) | ||
| 100 | _aKapoor, S.K. | ||
| 245 | 0 | _aContract-I and specific relief act | |
| 250 | _a12th ed. | ||
| 260 |
_aAllahabad _bCentral law _c2010 |
||
| 300 | _avp p. | ||
| 942 | _cBK | ||
| 999 |
_c154316 _d154316 |
||